ČSVTS při zabezpečování problémű životní prostředí

Bibliographic Details
Main Author: Jelen, Bohumil (Author)
Format: Article
Language:Czech
Subjects:

MARC

LEADER 00000nab a2200000 a 4500
001 vtls000323387
003 SK-MaSNL
005 20260304225420.0
008 150602c1988 xo 0 cze
015 |a SNBRB19rr/mm-uuuuu 
035 |a CL0323509 
040 |a SNKBUCL  |b slo  |c SNKBUCL  |e AACR2 
041 0 |a cze 
044 |a xo  |c SK 
080 |a 608:061.25(437):504.06  |2 1981 
080 |a 061.25(437)  |2 1981 
080 |a 504.06  |2 1981 
100 1 |a Jelen, Bohumil  |4 aut  |9 1561493 
245 1 0 |a ČSVTS při zabezpečování problémű životní prostředí  |c Bohumil Jelen 
610 2 7 |a Československá vedecko-technická spoločnosť  |2 snkbucl  |9 440198 
650 0 7 |a životné prostredie  |2 snkbucl  |9 786 
655 7 |a články z novín a časopisov  |2 snkbucl  |9 267496 
773 0 |t Technická práca  |g Roč. 40, č. 4 (1988), s. 68-70 
850 |a Slovenská národná knižnica v Martine  |a MTA001 
852 |a SNK  |b KIS3GCP 
958 |a RK 
958 |a CZ 
992 |a RBX 
999 |c 3177413  |d 3179343